| 000 -LEADER |
| fixed length control field |
02184cam a22004097a 4500 |
| 001 - CONTROL NUMBER |
| control field |
7938231 |
| 003 - CONTROL NUMBER IDENTIFIER |
| control field |
ASAB |
| 005 - DATE AND TIME OF LATEST TRANSACTION |
| control field |
20180827062701.0 |
| 006 - FIXED-LENGTH DATA ELEMENTS--ADDITIONAL MATERIAL CHARACTERISTICS |
| fixed length control field |
m d |
| 007 - PHYSICAL DESCRIPTION FIXED FIELD--GENERAL INFORMATION |
| fixed length control field |
cr n |
| 008 - FIXED-LENGTH DATA ELEMENTS--GENERAL INFORMATION |
| fixed length control field |
010108s2000 enka sb 001 0 eng d |
| 015 ## - NATIONAL BIBLIOGRAPHY NUMBER |
| National bibliography number |
GBA1-04274 |
| 016 7# - NATIONAL BIBLIOGRAPHIC AGENCY CONTROL NUMBER |
| Record control number |
101091672 |
| Source |
DNLM |
| 020 ## - INTERNATIONAL STANDARD BOOK NUMBER |
| International Standard Book Number |
0854046062 |
| 035 ## - SYSTEM CONTROL NUMBER |
| System control number |
(WaSeSS)ssj0000379489 |
| 040 ## - CATALOGING SOURCE |
| Original cataloging agency |
NLM |
| Transcribing agency |
ASAB |
| Modifying agency |
UKM |
| -- |
TXA |
| -- |
AGL |
| -- |
KUM |
| -- |
VAM |
| -- |
GZM |
| -- |
CGU |
| -- |
LVB |
| -- |
OCLCQ |
| -- |
BAKER |
| -- |
PAY |
| -- |
DLC |
| -- |
WaSeSS |
| 050 #4 - LIBRARY OF CONGRESS CALL NUMBER |
| Classification number |
QH506 |
| Item number |
.M6614 2000 |
| 060 00 - NATIONAL LIBRARY OF MEDICINE CALL NUMBER |
| Classification number |
2001 D-764 |
| 072 #0 - SUBJECT CATEGORY CODE |
| Subject category code |
X300 |
| 082 04 - DEWEY DECIMAL CLASSIFICATION NUMBER |
| Classification number |
574.88 |
| Edition number |
20 |
| 210 10 - ABBREVIATED TITLE |
| Abbreviated title |
Molecular biology and biotechnology |
| 245 00 - TITLE STATEMENT |
| Title |
Molecular biology and biotechnology |
| Remainder of title |
microbial methods |
| 250 ## - EDITION STATEMENT |
| Edition statement |
4th ed / |
| Remainder of edition statement |
edited by John M. Walker and Ralph Rapley. |
| 260 ## - PUBLICATION, DISTRIBUTION, ETC. |
| Place of publication, distribution, etc. |
Cambridge : |
| Name of publisher, distributor, etc. |
Royal Society of Chemistry, |
| Date of publication, distribution, etc. |
2000. |
| 300 ## - PHYSICAL DESCRIPTION |
| Extent |
360 P. |
| 504 ## - BIBLIOGRAPHY, ETC. NOTE |
| Bibliography, etc. note |
Includes bibliographical references and index. |
| 505 0# - FORMATTED CONTENTS NOTE |
| Formatted contents note |
Ch. 1. Fermentation technology -- Ch. 2. Molecular analysis and application techniques -- Ch. 3. Recombinanat DNA technology -- Ch. 4. The expression of foreign DNA in bacteria -- Ch. 5. Yeast cloning and biotechnology -- Ch. 6. Cloning genes in mammalian cell-lines -- Ch. 7. Plant biotechnology -- Ch. 8. Molecular, structural and chemical biology in pharmaceutical research -- Ch. 9. Genetically modified foods -- Ch. 10. Molecular diagnosis of inherited disease -- Ch. 11. DNA in forensic science -- Ch. 12. Vaccination and gene manipulation -- Ch. 13. Transgenesis -- Ch. 14. Protein engineering -- Ch. 15. Bioinformatics -- Ch. 16. Immobilization of biocatalysts -- Ch. 17. Downstream processing: protein extraction and purification -- Ch. 18. Monoclonal antibodies -- Ch. 19. Biosensors. |
| 506 ## - RESTRICTIONS ON ACCESS NOTE |
| Terms governing access |
License restrictions may limit access. |
| 650 #0 - SUBJECT ADDED ENTRY--TOPICAL TERM |
| Topical term or geographic name entry element |
Molecular biology. |
| 9 (RLIN) |
2172 |
| 650 #0 - SUBJECT ADDED ENTRY--TOPICAL TERM |
| Topical term or geographic name entry element |
Biotechnology. |
| 9 (RLIN) |
2173 |
| 700 1# - ADDED ENTRY--PERSONAL NAME |
| Personal name |
Walker, John M., |
| Dates associated with a name |
1948- |
| 9 (RLIN) |
2174 |
| 700 1# - ADDED ENTRY--PERSONAL NAME |
| Personal name |
Rapley, Ralph. |
| 9 (RLIN) |
2175 |
| 773 #0 - HOST ITEM ENTRY |
| Title |
Royal Society of Chemistry eBooks |
| 856 40 - ELECTRONIC LOCATION AND ACCESS |
| Uniform Resource Identifier |
<a href="http://www.columbia.edu/cgi-bin/cul/resolve?clio7938231">http://www.columbia.edu/cgi-bin/cul/resolve?clio7938231</a> |
| Public note |
Full text available from Royal Society of Chemistry eBooks |
| 910 ## - USER-OPTION DATA (OCLC) |
| User-option data |
Library of Congress record |
| 942 ## - ADDED ENTRY ELEMENTS (KOHA) |
| Source of classification or shelving scheme |
|
| Koha item type |
Book |